Cursos de postgrado -1979- Movimiento obrero latinoamericano
Збережено в:
| Співавтор: | |
|---|---|
| Формат: | Текст |
| Опубліковано: |
s.n.t. :
|
| Теги: |
Додати тег
Немає тегів, Будьте першим, хто поставить тег для цього запису!
|
MARC
| LEADER | 00000 a a2200000 04500 | ||
|---|---|---|---|
| 001 | 18874 | ||
| 003 | |||
| 040 | |||
| 090 | |a 015300 | ||
| 110 | |a Universidad de La Habana. Facultad de Filosofía e Historia. Departamento de Comunismo Científico | ||
| 245 | |a Cursos de postgrado -1979- Movimiento obrero latinoamericano | ||
| 260 | |a s.n.t. : | ||
| 300 | |a p. varia. | ||
| 999 | |c 4781 |d 4781 | ||
